00569nam a2200181Ia 450000500170000000800410001702000150005808200150007310000230008824500830011126000400019430000140023465000100024865000110025894200060026995200970027599900150037220240426045633.0240331s9999 xx 000 0 und d a1565490282 bTOOa331.4 aFeldstein, H.S. ed 0aTools for the fieldbMethodologies Handbook for Gender Analysis in Agriculture aWest HartfordbKumarian pressc1994 axvi, p ., aWomen aGender cL 001040708LaWERCLbWERCLcSSCd2024-03-31l0o 331.4 TOOp3950r2024-03-31w2024-03-31yL c2814d2814